Reglamento del Ateneo de Montevideo (Record no. 184404)

MARC details
000 -LEADER
campo de control de longitud fija 00517nam a2200157 i 4500
001 - NÚMERO DE CONTROL
campo de control 184404
003 - IDENTIFICADOR DE NÚMERO DE CONTROL
campo de control ES-MaACL
005 - FECHA Y HORA DE LA ÚLTIMA TRANSACCIÓN
campo de control 20230906222203.0
008 - DATOS DE LONGITUD FIJA--INFORMACIÓN GENERAL
campo de control de longitud fija 150819s1894 uy |||| | spa d
110 0# - ENTRADA PRINCIPAL--NOMBRE DE ENTIDAD CORPORATIVA
Nombre de entidad corporativa o nombre de jurisdicción como elemento de entrada Ateneo de Montevideo.
9 (RLIN) 2017
245 10 - MENCIÓN DEL TÍTULO
Título Reglamento del Ateneo de Montevideo
Resto del título : sancionado el 30 de abril de 1894.
260 ## - PUBLICACIÓN, DISTRIBUCIÓN, ETC.
Lugar de publicación, distribución, etc. Montevideo :
Nombre del editor, distribuidor, etc. [s.n.],
Fecha de publicación, distribución, etc. 1894 (
Fabricante Imp. Dornaleche y Reyes)
300 ## - DESCRIPCIÓN FÍSICA
Extensión 30 p. ;
Dimensiones 17 cm.
610 24 - PUNTO DE ACCESO ADICIONAL DE MATERIA--NOMBRE DE ENTIDAD CORPORATIVA
Nombre de entidad corporativa o nombre de jurisdicción como elemento de entrada Ateneo de Montevideo-
Subdivisión de forma Reglamentos.
9 (RLIN) 168138
852 ## - LOCALIZACIÓN
Ubicación ES-MaACL
Número de control de estantería T-888-F-1
Holdings
Estatus retirado Estado de pérdida Estado de daño No para préstamo Colección Biblioteca de origen Biblioteca actual Ubicación en estantería Fecha de adquisición Fuente de adquisición Total de préstamos Signatura topográfica completa Código de barras Visto por última vez Precio de reemplazo Tipo de ítem Koha
        Colección de folletos Biblioteca del Ateneo de Madrid Biblioteca del Ateneo de Madrid Depósito folletos 19/08/2015     T-888-F-1 1194043 23/02/2023 23/02/2023 Folleto